000 00298nam a22001337a 4500
008 170715b xxu||||| |||| 00| 0 eng d
020 _a9781559343176
041 _aeng
080 _23RD
_a572
100 _a24
101 _aANT
245 _aAPPLYING ANTHROPOLOGY
_cPODOLEFSKY,A
942 _2udc
_cBK
999 _c21140
_d21140